000 00524nam a2200181Ia 4500
008 240925s9999 xx 000 0 und d
020 _a139601546
082 _a005.16 HAY
100 _aHayes ,Ian S.
245 4 _aThe Year 2000 Software Crises: the continuing challenge
250 _aNA
260 _aNew Jersey:
_bPrintice- Hall Int.
_c,1998.
300 _axiv,604p.
_bNA
_fOriginal
500 _aIncludes Index
600 _aComputer Science
650 _aComputer science, information & general works
942 _cBK
999 _c6377
_d6377